000 00501nam a22001817a 4500
999 _c24314
_d24314
003 BDDh-ASL
005 20231015030342.0
008 210421s1992 bg ||||| |||| 00| 0 eng d
040 _aBDDh-ASL
_cBDDh-ASL
082 _a615.1
_bMIG
245 0 0 _aGeneral Principles of Pharmacology /
260 _aDhaka:
_bShaheen Publishers,
_c1992.
300 _a132 p. :
_c24 cm.
650 0 _93754
_aPharmacology
700 1 _93752
_aMisbahuddin, Mir
700 1 _93753
_aRashid, Mamun Ur
942 _2ddc
_cBK